Normal view
MARC view
- Baba, Steve Bryan.
Entry Personal Name
001 - CONTROL NUMBER
- control field: 38494
003 - CONTROL NUMBER IDENTIFIER
- control field: OSt
005 - DATE AND TIME OF LATEST TRANSACTION
- control field: 20190424164337.0
008 - FIXED-LENGTH DATA ELEMENTS
- fixed length control field: 190424|| aca||aabn | a|a d
040 ## - CATALOGING SOURCE
- Original cataloging agency: OSt
- Transcribing agency: OSt
100 ## - HEADING--PERSONAL NAME
- Personal name: Baba, Steve Bryan.
670 ## - SOURCE DATA FOUND
- Source citation: Work cat.: (OSt): LeaƱo, Lady Shieldea M. 38492, Determinants of saving behavior among college students:, November 2018.
